000 00305nam a22001337a 4500
008 181022b xxu||||| |||| 00| 0 eng d
020 _a9780520083363
041 _aeng
080 _a321
100 _a31
101 _aPOL
245 _aSexual Politcs The Morning After
_cEnloe.c
942 _2udc
_cBK
999 _c50440
_d50440